Technology 2001 <The> Future of Computing and Communications

Na minha lista:
Detalhes bibliográficos
Outros Autores: Leebaert, Derek
Formato: Livro
Idioma:inglês
Publicado em: Cambridge The MIT Press 1991
Edição:1. ed.
Assuntos:
Tags: Adicionar Tag
Sem tags, seja o primeiro a adicionar uma tag!

MARC

LEADER 00000nam a2200000 4500
001 c019539
005 20221214095032.0
020 |a 0-262-12150-6 
041 0 |a eng 
044 |a US 
245 1 0 |a Technology 2001  |b <The> Future of Computing and Communications  |c Edit. Derek Leebaert 
250 |a 1. ed. 
264 1 |a Cambridge  |b The MIT Press  |c 1991 
300 |a 392 s. 
610 2 0 |a počítače 
610 2 0 |a automatizácia 
610 2 0 |a komunikácia 
610 2 0 |a telekomunikácie 
610 2 0 |a civilizácia 
610 2 0 |a kybernetizácia 
610 2 0 |a siete dátové 
610 2 0 |a spoločnosť informačná 
610 2 0 |a technológie informačné 
610 2 0 |a technológie komunikačné 
610 2 0 |a využitie počítačov 
700 1 |a Leebaert, Derek